Komunikační dovednosti v praxi

Guardado en:
Detalles Bibliográficos
Autor principal: Mikuláštík, Milan
Formato: Libro
Lenguaje:eslovaco
Publicado: Praha Grada Publishing 2003
Edición:1. vyd.
Materias:
Acceso en línea:Ver en el OPAC
Etiquetas: Agregar Etiqueta
Sin Etiquetas, Sea el primero en etiquetar este registro!

MARC

LEADER 00000nam a2200000 a 4500
005 20260127134055.0
008 051102s xo 000 0 slo
020 |a 8024706504 (brož.) 
035 |a vtls008306658 
039 9 |a 201706060919  |b mtotk19  |c 200611131043  |d mschk03  |y 200511021012  |z msnk13 
040 |a SNK  |b slo  |c SNK  |d STUSCHK1 
100 1 |a Mikuláštík, Milan 
245 1 |a Komunikační dovednosti v praxi 
250 |a 1. vyd. 
260 |a Praha  |b Grada Publishing  |c 2003 
300 |a 361 s. : il. ; 23 cm 
650 1 |a osobnost člověka 
650 1 |a sociální vnímání 
650 1 |a interpersonální vztahy a naslouchání 
650 1 |a verbální a neverbální komunikování 
650 1 |a sebeprezentace 
650 1 |a jednání manažera 
910 |a SCHK95 
910 |a totk 
919 |a 80-247-0650-4 
999 |c 3462  |d 3462 
942 0 0 |0 1